[Event "18th HZ Open 2014"]
[Site "Vlissingen NED"]
[Date "2014.08.04"]
[Round "4.8"]
[White "Semcesen, D."]
[Black "Saravanan, V1."]
[Result "1-0"]
[WhiteElo "2489"]
[BlackElo "2320"]
[PlyCount "65"]
[EventDate "2014.08.02"]
[EventType "swiss"]
[EventRounds "9"]
[EventCountry "NED"]
[Source "Mark Crowther"]
[SourceDate "2014.08.04"]

1. d4 Nf6 2. c4 g6 3. Nc3 Bg7 4. e4 d6 5. h3 O-O 6. Nf3 Na6 7. Bg5 c6 8. Be2 e5
9. d5 h6 10. Be3 cxd5 11. cxd5 Nh5 12. O-O Nf4 13. Bxa6 bxa6 14. Rc1 g5 15. Re1
Qf6 16. Nb1 Qg6 17. Bxf4 exf4 18. Rc6 g4 19. hxg4 Bxg4 20. Nbd2 Bf6 21. Rxd6
Qg7 22. Qe2 Kh8 23. Rc1 Rg8 24. Qf1 Be7 25. Rxa6 Bc8 26. Rac6 Bh3 27. Ne1 Bb4
28. Ndf3 Bxe1 29. Nxe1 f3 30. Qa6 Kh7 31. g3 Rae8 32. Qd3 Qe5 33. Qxf3 1-0

[Event "18th HZ Open 2014"]
[Site "Vlissingen NED"]
[Date "2014.08.04"]
[Round "4.9"]
[White "Senders, Mischa"]
[Black "Geirnaert, S."]
[Result "1/2-1/2"]
[WhiteElo "2223"]
[BlackElo "2419"]
[PlyCount "43"]
[EventDate "2014.08.02"]
[EventType "swiss"]
[EventRounds "9"]
[EventCountry "NED"]
[Source "Mark Crowther"]
[SourceDate "2014.08.04"]

1. e4 d5 2. exd5 Qxd5 3. Nc3 Qa5 4. d4 Nf6 5. Nf3 c6 6. Bc4 Bf5 7. Bd2 e6 8.
Nd5 Qd8 9. Nxf6+ gxf6 10. c3 Nd7 11. Qe2 Nb6 12. Bb3 a5 13. Nh4 Bg6 14. a3 a4
15. Nxg6 hxg6 16. Ba2 Bh6 17. O-O-O Bxd2+ 18. Rxd2 Qc7 19. g3 O-O-O 20. h4 f5
21. f4 Nd5 22. Re1 1/2-1/2

[Event "18th HZ Open 2014"]
[Site "Vlissingen NED"]
[Date "2014.08.04"]
[Round "4.10"]
[White "Van den Doel, E."]
[Black "Beeke, B."]
[Result "1-0"]
[WhiteElo "2554"]
[BlackElo "2243"]
[PlyCount "71"]
[EventDate "2014.08.02"]
[EventType "swiss"]
[EventRounds "9"]
[EventCountry "NED"]
[Source "Mark Crowther"]
[SourceDate "2014.08.04"]

1. e4 e5 2. Nf3 Nc6 3. Bb5 Nf6 4. Qe2 Bc5 5. c3 Qe7 6. d3 O-O 7. Nbd2 d6 8. Nf1
Nd8 9. Ng3 c6 10. Ba4 Re8 11. h3 g6 12. Bb3 Be6 13. Bc2 Nd7 14. O-O f6 15. Kh1
Bb6 16. Nh2 Bf7 17. f4 Ne6 18. f5 Ng7 19. Ng4 Rf8 20. Nh6+ Kh8 21. Qg4 Be8 22.
Bd2 a5 23. fxg6 Bxg6 24. h4 Qe6 25. Ngf5 Bxf5 26. Nxf5 Rg8 27. Nh6 Rgf8 28.
Qxe6 Nxe6 29. Rf3 Rae8 30. Raf1 Bc7 31. Bb3 b5 32. a3 a4 33. Ba2 Kg7 34. Rg3+
Kh8 35. Rg4 Bd8 36. Rf3 1-0

[Event "18th HZ Open 2014"]
[Site "Vlissingen NED"]
[Date "2014.08.04"]
[Round "4.11"]
[White "Romanishin, O."]
[Black "Michalczak, T."]
[Result "1-0"]
[WhiteElo "2509"]
[BlackElo "2230"]
[PlyCount "53"]
[EventDate "2014.08.02"]
[EventType "swiss"]
[EventRounds "9"]
[EventCountry "NED"]
[Source "Mark Crowther"]
[SourceDate "2014.08.04"]

1. Nf3 d5 2. g3 Nf6 3. Bg2 e6 4. d4 Be7 5. c4 O-O 6. Qc2 c5 7. dxc5 dxc4 8. O-O
Qd5 9. Be3 Qe4 10. Qxe4 Nxe4 11. Nbd2 Nxc5 12. Nxc4 Nc6 13. Rac1 Rd8 14. Rfd1
Rxd1+ 15. Rxd1 Kf8 16. Nd4 Nxd4 17. Bxd4 f6 18. Na5 e5 19. Bxc5 Bxc5 20. Rd8+
Kf7 21. Nc4 Be7 22. Bd5+ Kg6 23. Re8 Bc5 24. b3 Kh6 25. Ne3 a5 26. Nf5+ Kg6 27.
e4 1-0

[Event "18th HZ Open 2014"]
[Site "Vlissingen NED"]
[Date "2014.08.04"]
[Round "4.12"]
[White "Zelbel, P."]
[Black "Goossens, R."]
[Result "1-0"]
[WhiteElo "2410"]
[BlackElo "2093"]
[PlyCount "47"]
[EventDate "2014.08.02"]
[EventType "swiss"]
[EventRounds "9"]
[EventCountry "NED"]
[Source "Mark Crowther"]
[SourceDate "2014.08.04"]

1. e4 e5 2. Nf3 Nc6 3. Bb5 a6 4. Ba4 Nge7 5. Nc3 g6 6. d4 exd4 7. Nd5 Bg7 8.
Bg5 h6 9. Bf6 Bxf6 10. Nxf6+ Kf8 11. Qd2 Kg7 12. Nxd4 Ng8 13. Nxg8 Rxg8 14. f4
Qe7 15. O-O-O Qxe4 16. Bxc6 dxc6 17. Rhe1 Qd5 18. Qc3 Kh7 19. Rd2 Qd6 20. Ne6
Bxe6 21. Rxd6 cxd6 22. Qb4 Rab8 23. Qxd6 Rbd8 24. Qe7 1-0

[Event "18th HZ Open 2014"]
[Site "Vlissingen NED"]
[Date "2014.08.04"]
[Round "4.13"]
[White "Kartsev, So"]
[Black "De Jong, M."]
[Result "0-1"]
[WhiteElo "2264"]
[BlackElo "2345"]
[PlyCount "94"]
[EventDate "2014.08.02"]
[EventType "swiss"]
[EventRounds "9"]
[EventCountry "NED"]
[Source "Mark Crowther"]
[SourceDate "2014.08.11"]

1. d4 e6 2. Nf3 c5 3. e3 Nf6 4. b3 b6 5. Nbd2 Bb7 6. Bb2 Be7 7. Bd3 O-O 8. O-O
d6 9. c4 Nbd7 10. Qe2 cxd4 11. exd4 d5 12. Rfd1 a6 13. Rac1 Re8 14. Ne5 dxc4
15. Ndxc4 Bf8 16. Ne3 b5 17. Rd2 Nb6 18. Rdc2 Nbd5 19. Nxd5 Qxd5 20. f3 Bd6 21.
Re1 Bb4 22. Be4 Nxe4 23. fxe4 Qd8 24. Rf1 f6 25. Nc6 Qd6 26. Nxb4 Qxb4 27. Rc7
Re7 28. Rfc1 Rae8 29. h3 Qd6 30. Rxe7 Rxe7 31. Rc5 e5 32. Qe3 exd4 33. Qxd4
Qxd4+ 34. Bxd4 Rxe4 35. Bf2 Re2 36. a4 b4 37. Rc4 a5 38. Rc5 Rb2 39. Rxa5 Rb1+
40. Kh2 Rxb3 41. Rb5 Be4 42. Bd4 f5 43. a5 Rd3 44. Bf2 b3 45. Bg3 Rd2 46. Be5
Rxg2+ 47. Kh1 b2 0-1

[Event "18th HZ Open 2014"]
[Site "Vlissingen NED"]
[Date "2014.08.04"]
[Round "4.14"]
[White "Brookes, C."]
[Black "Dijkhuis, Tycho"]
[Result "1/2-1/2"]
[WhiteElo "2231"]
[BlackElo "2327"]
[PlyCount "73"]
[EventDate "2014.08.02"]
[EventType "swiss"]
[EventRounds "9"]
[EventCountry "NED"]
[Source "Mark Crowther"]
[SourceDate "2014.08.11"]

1. e4 c5 2. Nf3 Nc6 3. d4 cxd4 4. Nxd4 e5 5. Nb5 d6 6. c4 Be7 7. Be2 f5 8. exf5
Bxf5 9. Bg5 a6 10. Bxe7 Kxe7 11. N5c3 Nf6 12. O-O Nd4 13. Bd3 Qc8 14. Na3 Rd8
15. Rc1 Bxd3 16. Qxd3 Qf5 17. Qd2 g5 18. Nc2 Nxc2 19. Rxc2 Rac8 20. Rcc1 Rd7
21. Nd5+ Nxd5 22. Qxd5 Qe6 23. Qe4 Qg6 24. Qe3 Rdc7 25. Rfd1 Rxc4 26. Rxc4 Rxc4
27. Qb6 Qd3 28. Qxb7+ Kf6 29. Rf1 Rc2 30. h3 Kg6 31. Qb8 Qd5 32. a4 Rd2 33. b4
Rd1 34. Qe8+ Kg7 35. Qe7+ Kg6 36. Qe8+ Kg7 37. Qe7+ 1/2-1/2

[Event "18th HZ Open 2014"]
[Site "Vlissingen NED"]
[Date "2014.08.04"]
[Round "4.15"]
[White "Bijlsma, N."]
[Black "Bezemer, A."]
[Result "1-0"]
[WhiteElo "2210"]
[BlackElo "2287"]
[PlyCount "63"]
[EventDate "2014.08.02"]
[EventType "swiss"]
[EventRounds "9"]
[EventCountry "NED"]
[Source "Mark Crowther"]
[SourceDate "2014.08.11"]

1. e4 c5 2. Nf3 d6 3. d4 cxd4 4. Nxd4 Nf6 5. Nc3 a6 6. f4 Nbd7 7. Nf3 Qc7 8. a4
g6 9. Bd3 Bg7 10. O-O O-O 11. Qe1 b6 12. f5 Bb7 13. Qh4 e6 14. Bh6 Rae8 15. Ng5
Qc5+ 16. Kh1 Qb4 17. fxe6 fxe6 18. Bxg7 Kxg7 19. Qh3 Qxb2 20. Bc4 d5 21. Bb3 d4
22. Ne2 Nc5 23. Rfb1 Ncxe4 24. Nxe4 Nxe4 25. Qh4 Qxa1 26. Rxa1 Rf2 27. Nxd4 g5
28. Qh3 Rd2 29. Qe3 Kh8 30. Nf3 Red8 31. Nxd2 Rxd2 32. Qxb6 1-0

[Event "18th HZ Open 2014"]
[Site "Vlissingen NED"]
[Date "2014.08.04"]
[Round "4.16"]
[White "Timmermans, I."]
[Black "Zwirs, Nico"]
[Result "1-0"]
[WhiteElo "2203"]
[BlackElo "2284"]
[PlyCount "99"]
[EventDate "2014.08.02"]
[EventType "swiss"]
[EventRounds "9"]
[EventCountry "NED"]
[Source "Mark Crowther"]
[SourceDate "2014.08.11"]

1. e4 c5 2. Nf3 e6 3. d4 cxd4 4. Nxd4 Nc6 5. Nc3 Qc7 6. Be3 a6 7. Qd2 Nf6 8.
O-O-O Be7 9. f3 b5 10. g4 Nxd4 11. Qxd4 Bb7 12. Rg1 Rc8 13. Rg2 Bc5 14. Qxc5
Qxc5 15. Bxc5 Rxc5 16. h4 Ke7 17. Rd4 d6 18. Rgd2 Rd8 19. a4 bxa4 20. Rxa4 a5
21. Nb5 d5 22. Rxa5 dxe4 23. Rxd8 Kxd8 24. Nd6 Rc7 25. Nxb7+ Rxb7 26. g5 Nd5
27. fxe4 Ne3 28. Bd3 Ke7 29. Ra8 h5 30. gxh6 gxh6 31. Rg8 Rc7 32. b3 h5 33. Rg5
Kd6 34. Kd2 Ng4 35. Rxh5 Rc8 36. Ra5 Rh8 37. h5 e5 38. Ra6+ Ke7 39. b4 Rxh5 40.
b5 Nf6 41. Ra7+ Nd7 42. Kc3 Rh6 43. Bc4 Rb6 44. Kb4 f6 45. Bd5 Kd6 46. c4 Rb8
47. Ra6+ Kc7 48. c5 Rf8 49. b6+ Kb8 50. Ra8# 1-0

[Event "18th HZ Open 2014"]
[Site "Vlissingen NED"]
[Date "2014.08.04"]
[Round "4.17"]
[White "Steen, P."]
[Black "Afek, Y."]
[Result "0-1"]
[WhiteElo "2100"]
[BlackElo "2282"]
[PlyCount "112"]
[EventDate "2014.08.02"]
[EventType "swiss"]
[EventRounds "9"]
[EventCountry "NED"]
[Source "Mark Crowther"]
[SourceDate "2014.08.11"]

1. d4 Nf6 2. c4 g6 3. Nc3 Bg7 4. Nf3 O-O 5. Bf4 c5 6. e3 cxd4 7. exd4 d5 8. h3
Nc6 9. Be2 Be6 10. c5 b6 11. Qa4 Bd7 12. Bb5 Qe8 13. Ne5 Nxe5 14. Bxe5 bxc5 15.
dxc5 Bxb5 16. Qxb5 Qc8 17. O-O e6 18. Rac1 a6 19. Qa5 Qc6 20. Ne2 Qb5 21. Qxb5
axb5 22. a3 Ne4 23. Bxg7 Kxg7 24. Nd4 Rfc8 25. c6 Nd6 26. Rc5 Ra4 27. b4 Rxa3
28. Rfc1 Ra6 29. c7 Rb6 30. Rc6 Rxc6 31. Rxc6 e5 32. Rxd6 exd4 33. Rxd5 Rxc7
34. Rxd4 Rc1+ 35. Kh2 Rb1 36. Kg3 Kf6 37. f4 Rb3+ 38. Kf2 Ke6 39. Ke2 f6 40.
Kf2 h5 41. Ke2 Kf5 42. Rd5+ Kxf4 43. Rxb5 Rb2+ 44. Kf1 Kg3 45. Rb6 Rf2+ 46. Ke1
Rf5 47. Rc6 Kxg2 48. Rc3 g5 49. Rb3 Rb5 50. Ke2 f5 51. Kd3 f4 52. Ke4 f3 53.
Rb2+ f2 54. Ke3 Re5+ 55. Kd4 Re8 56. b5 Kg1 0-1

[Event "18th HZ Open 2014"]
[Site "Vlissingen NED"]
[Date "2014.08.04"]
[Round "4.18"]
[White "Haak, E."]
[Black "Vedder, R."]
[Result "1/2-1/2"]
[WhiteElo "2092"]
[BlackElo "2277"]
[PlyCount "81"]
[EventDate "2014.08.02"]
[EventType "swiss"]
[EventRounds "9"]
[EventCountry "NED"]
[Source "Mark Crowther"]
[SourceDate "2014.08.11"]

1. d4 Nf6 2. c4 c5 3. Nf3 cxd4 4. Nxd4 e5 5. Nc2 d5 6. cxd5 Qxd5 7. Qxd5 Nxd5
8. e4 Nb4 9. Nxb4 Bxb4+ 10. Bd2 Nc6 11. Bb5 Bd7 12. Bxc6 Bxd2+ 13. Nxd2 Bxc6
14. f3 O-O-O 15. O-O-O Bb5 16. Nb1 Rd7 17. Nc3 Bc6 18. Rxd7 Kxd7 19. Rd1+ Ke6
20. Rd3 g6 21. Kd2 f5 22. b4 b6 23. b5 Bb7 24. Nd5 fxe4 25. fxe4 Bxd5 26. Rxd5
Rc8 27. Rd3 Rc5 28. Rb3 Rc4 29. Ra3 Rxe4 30. Rxa7 Kd5 31. a4 Kc5 32. Rc7+ Kb4
33. Rb7 Kxa4 34. Rxb6 Rb4 35. Kc3 Rf4 36. Rb7 Rf2 37. Rxh7 Kxb5 38. Re7 Rxg2
39. Rxe5+ Kc6 40. Kd3 Kd6 41. Re2 1/2-1/2

[Event "18th HZ Open 2014"]
[Site "Vlissingen NED"]
[Date "2014.08.04"]
[Round "4.19"]
[White "Dijkstra, A."]
[Black "Raghavi, N."]
[Result "1/2-1/2"]
[WhiteElo "1984"]
[BlackElo "2275"]
[PlyCount "75"]
[EventDate "2014.08.02"]
[EventType "swiss"]
[EventRounds "9"]
[EventCountry "NED"]
[Source "Mark Crowther"]
[SourceDate "2014.08.11"]

1. e4 c5 2. Nf3 Nc6 3. d4 cxd4 4. Nxd4 e5 5. Nb5 d6 6. N5a3 Be7 7. Nc3 a6 8.
Nc4 b5 9. Ne3 Nf6 10. Bd3 O-O 11. O-O Nb4 12. a4 Bb7 13. axb5 axb5 14. Rxa8
Bxa8 15. Nf5 Nxd3 16. Qxd3 b4 17. Nd5 Nxd5 18. exd5 Bf6 19. c4 bxc3 20. bxc3 g6
21. Ng3 Be7 22. Bh6 Re8 23. f4 exf4 24. Bxf4 f5 25. Bh6 Bg5 26. Nxf5 Re5 27. h4
Rxf5 28. Bxg5 Qb6+ 29. Kh2 Qb3 30. Rxf5 gxf5 31. Qxf5 Qxd5 32. Qxd5+ Bxd5 33.
Bf4 Be6 34. Bxd6 h5 35. Kg3 Kf7 36. Kf4 Ke8 37. Kg5 Bg4 38. Kf6 1/2-1/2

[Event "18th HZ Open 2014"]
[Site "Vlissingen NED"]
[Date "2014.08.04"]
[Round "4.20"]
[White "Sekandar, K."]
[Black "Pruijssers, R."]
[Result "1-0"]
[WhiteElo "2093"]
[BlackElo "2517"]
[PlyCount "83"]
[EventDate "2014.08.02"]
[EventType "swiss"]
[EventRounds "9"]
[EventCountry "NED"]
[Source "Mark Crowther"]
[SourceDate "2014.08.11"]

1. e4 e5 2. Nf3 Nc6 3. Bc4 Bc5 4. c3 Nf6 5. d3 d6 6. Bb3 O-O 7. O-O h6 8. Re1
Re8 9. Be3 Bb6 10. Nbd2 Ne7 11. Nf1 c5 12. Ng3 Ng6 13. Qd2 Be6 14. Nf5 Qd7 15.
N3h4 Nxh4 16. Nxh4 Kh7 17. g3 Ng4 18. Qd1 g6 19. Ba4 Qe7 20. Bxe8 Rxe8 21. Ng2
f5 22. exf5 gxf5 23. Qd2 f4 24. Bxf4 exf4 25. Nxf4 Ne5 26. Qe3 Bg4 27. Qe4+ Kg7
28. Re3 c4 29. Nd5 Qf7 30. Nxb6 axb6 31. Qd4 Kh7 32. Rxe5 Rxe5 33. Qxg4 cxd3
34. Rd1 Re2 35. Qd4 Rxb2 36. Qxd3+ Kg8 37. Rd2 Rxd2 38. Qxd2 Qe6 39. a4 d5 40.
Qd4 Kh7 41. h4 h5 42. Qe3 1-0

[Event "18th HZ Open 2014"]
[Site "Vlissingen NED"]
[Date "2014.08.04"]
[Round "4.21"]
[White "Kampman, T."]
[Black "Ducarmon, Q."]
[Result "1/2-1/2"]
[WhiteElo "2090"]
[BlackElo "2479"]
[PlyCount "30"]
[EventDate "2014.08.02"]
[EventType "swiss"]
[EventRounds "9"]
[EventCountry "NED"]
[Source "Mark Crowther"]
[SourceDate "2014.08.11"]

1. c4 e5 2. Nc3 Nc6 3. g3 Nf6 4. Bg2 Bc5 5. d3 d6 6. Nf3 O-O 7. O-O a6 8. a3
Ba7 9. b4 Bf5 10. h3 Qc8 11. Kh2 Nd4 12. Nh4 h6 13. e3 Nc6 14. Nxf5 Qxf5 15.
Qe2 Rfe8 1/2-1/2

[Event "18th HZ Open 2014"]
[Site "Vlissingen NED"]
[Date "2014.08.04"]
[Round "4.22"]
[White "Hoffman, Ro"]
[Black "Van Foreest, Jorden"]
[Result "0-1"]
[WhiteElo "2088"]
[BlackElo "2467"]
[PlyCount "80"]
[EventDate "2014.08.02"]
[EventType "swiss"]
[EventRounds "9"]
[EventCountry "NED"]
[Source "Mark Crowther"]
[SourceDate "2014.08.11"]

1. d4 Nf6 2. c4 g6 3. Nc3 Bg7 4. Bg5 O-O 5. e3 d6 6. Nf3 h6 7. Bh4 g5 8. Bg3
Nh5 9. Qc2 f5 10. O-O-O e6 11. Be2 Qe7 12. Nd2 Nxg3 13. hxg3 c5 14. d5 Na6 15.
a3 Nc7 16. f4 exd5 17. fxg5 Qxg5 18. Bf3 Qxe3 19. Nxd5 Nxd5 20. Bxd5+ Kh8 21.
Kb1 Qxg3 22. Nf3 Bd7 23. Rh3 Qg6 24. Rg1 Qf6 25. Nh4 Rae8 26. g4 fxg4 27. Ng6+
Qxg6 28. Qxg6 Bf5+ 29. Qxf5 Rxf5 30. Rxg4 Rf2 31. Re4 Rxe4 32. Bxe4 Re2 33. Bc2
Kg8 34. b4 d5 35. cxd5 Re1+ 36. Ka2 c4 37. Bb1 Re2+ 38. Bc2 Rxc2+ 39. Kb1 Rd2
40. Rh5 c3 0-1

[Event "18th HZ Open 2014"]
[Site "Vlissingen NED"]
[Date "2014.08.04"]
[Round "4.23"]
[White "Ponizil, C."]
[Black "Lentjes, N."]
[Result "1-0"]
[WhiteElo "2428"]
[BlackElo "2073"]
[PlyCount "47"]
[EventDate "2014.08.02"]
[EventType "swiss"]
[EventRounds "9"]
[EventCountry "NED"]
[Source "Mark Crowther"]
[SourceDate "2014.08.11"]

1. c4 e5 2. Nc3 Nf6 3. g3 Nc6 4. Bg2 Bc5 5. a3 a6 6. e3 O-O 7. Nge2 Re8 8. d3
d6 9. O-O Ba7 10. b4 Rb8 11. h3 Be6 12. Nd5 Bxd5 13. cxd5 Ne7 14. Nc3 Qd7 15.
Kh2 Rbc8 16. Bb2 c6 17. dxc6 bxc6 18. Rc1 Bb8 19. d4 exd4 20. Qxd4 d5 21. Na4
Ng6 22. Nb6 Qf5 23. Nxc8 Rxc8 24. f4 1-0

[Event "18th HZ Open 2014"]
[Site "Vlissingen NED"]
[Date "2014.08.04"]
[Round "4.25"]
[White "Boucquet, Emile"]
[Black "Verstraeten, R."]
[Result "0-1"]
[WhiteElo "2081"]
[BlackElo "2298"]
[PlyCount "100"]
[EventDate "2014.08.02"]
[EventType "swiss"]
[EventRounds "9"]
[EventCountry "NED"]
[Source "Mark Crowther"]
[SourceDate "2014.08.11"]

1. d4 Nf6 2. c4 g6 3. f3 Bg7 4. e4 O-O 5. Nc3 d6 6. Be3 Nc6 7. Qd2 a6 8. Rc1
Bd7 9. Nge2 Rb8 10. c5 dxc5 11. dxc5 e5 12. Ng3 Be6 13. Qxd8 Rfxd8 14. Kf2 Bf8
15. b3 Nb4 16. Be2 Nd3+ 17. Bxd3 Rxd3 18. Ke2 Rbd8 19. Rhd1 Rxd1 20. Rxd1 Rxd1
21. Kxd1 Nd7 22. Na4 f5 23. exf5 gxf5 24. f4 Bh6 25. Ne2 Nf6 26. g3 Nd5 27. Bd2
e4 28. Nac3 Kf7 29. Nd4 Bg7 30. Nxd5 Bxd4 31. Be3 Bxc5 32. Bxc5 Bxd5 33. Kc2
Bc6 34. Kc3 Ke6 35. Be3 Kd5 36. Kb4 Bb5 37. Kc3 Bd3 38. Bg1 c5 39. Be3 a5 40.
Bg1 b5 41. a3 b4+ 42. axb4 axb4+ 43. Kb2 Be2 44. Kc2 Kc6 45. Be3 Kb5 46. Bd2 c4
47. Be3 cxb3+ 48. Kxb3 Bd1+ 49. Kb2 Kc4 50. Kc1 Kd3 0-1

[Event "18th HZ Open 2014"]
[Site "Vlissingen NED"]
[Date "2014.08.04"]
[Round "4.26"]
[White "Pucher, S."]
[Black "Ratsma, Rosa"]
[Result "1-0"]
[WhiteElo "2293"]
[BlackElo "2035"]
[PlyCount "65"]
[EventDate "2014.08.02"]
[EventType "swiss"]
[EventRounds "9"]
[EventCountry "NED"]
[Source "Mark Crowther"]
[SourceDate "2014.08.11"]

1. e4 c5 2. Nf3 d6 3. d4 cxd4 4. Nxd4 Nf6 5. Nc3 a6 6. Bg5 Nbd7 7. Qe2 h6 8.
Bh4 b5 9. f4 e5 10. fxe5 dxe5 11. O-O-O g5 12. Bf2 Bb7 13. Nb3 Rc8 14. Nd5 Nxd5
15. exd5 Bg7 16. h4 Nb6 17. d6 Nd7 18. Kb1 Qf6 19. hxg5 hxg5 20. Rxh8+ Bxh8 21.
c3 Rc4 22. Be3 Ba8 23. Qd2 Rg4 24. Ka1 Qd8 25. Qf2 Qf6 26. Qd2 Qd8 27. Qe2 f5
28. g3 Qf6 29. Qh2 Kf8 30. Nc5 Bc6 31. Be2 Rc4 32. Bxc4 bxc4 33. Bxg5 1-0

[Event "18th HZ Open 2014"]
[Site "Vlissingen NED"]
[Date "2014.08.04"]
[Round "4.27"]
[White "Hekhuis, J."]
[Black "Mostertman, M."]
[Result "1/2-1/2"]
[WhiteElo "2066"]
[BlackElo "2284"]
[PlyCount "46"]
[EventDate "2014.08.02"]
[EventType "swiss"]
[EventRounds "9"]
[EventCountry "NED"]
[Source "Mark Crowther"]
[SourceDate "2014.08.11"]

1. Nf3 d5 2. d4 e6 3. Bf4 Nf6 4. e3 b6 5. Bd3 Bb7 6. O-O Nbd7 7. Nbd2 g6 8. Ne5
Bg7 9. Qf3 Nxe5 10. Bxe5 O-O 11. Rfd1 c5 12. c3 Rc8 13. Rac1 c4 14. Bxc4 Nd7
15. Bxg7 Kxg7 16. Bf1 f5 17. Qh3 g5 18. Qg3 Kh8 19. Bd3 Qf6 20. Nf3 Rg8 21. Ne5
Rg7 22. Nxd7 Rxd7 23. Qe5 Qxe5 1/2-1/2

[Event "18th HZ Open 2014"]
[Site "Vlissingen NED"]
[Date "2014.08.04"]
[Round "4.28"]
[White "Sanders, I."]
[Black "Ritsema, R."]
[Result "1-0"]
[WhiteElo "2282"]
[BlackElo "2012"]
[PlyCount "73"]
[EventDate "2014.08.02"]
[EventType "swiss"]
[EventRounds "9"]
[EventCountry "NED"]
[Source "Mark Crowther"]
[SourceDate "2014.08.11"]

1. d4 Nf6 2. c4 g6 3. Nc3 Bg7 4. e4 d6 5. h3 O-O 6. Be3 Nbd7 7. Nf3 c6 8. Be2
e5 9. d5 c5 10. g4 Ne8 11. Qd2 f5 12. gxf5 gxf5 13. exf5 Ndf6 14. Ng5 Bxf5 15.
Ne6 Bxe6 16. dxe6 Qe7 17. O-O-O Qxe6 18. Rhg1 Kh8 19. h4 Rg8 20. h5 Bf8 21.
Rxg8+ Kxg8 22. Rg1+ Kh8 23. Nd5 b6 24. Kb1 Rd8 25. Ka1 Rd7 26. h6 Rf7 27. Qd1
Qd7 28. Qf1 Qe6 29. Qg2 Rd7 30. Nxf6 Nxf6 31. Bg5 Rf7 32. Bf3 e4 33. Bxf6+ Rxf6
34. Bxe4 Rxh6 35. Bd5 Qg6 36. Qf1 Qf6 37. Rg8# 1-0

[Event "18th HZ Open 2014"]
[Site "Vlissingen NED"]
[Date "2014.08.04"]
[Round "4.29"]
[White "Krasenkova, I."]
[Black "Beerdsen, Thomas"]
[Result "1-0"]
[WhiteElo "2063"]
[BlackElo "2282"]
[PlyCount "81"]
[EventDate "2014.08.02"]
[EventType "swiss"]
[EventRounds "9"]
[EventCountry "NED"]
[Source "Mark Crowther"]
[SourceDate "2014.08.11"]

1. d4 d5 2. Nf3 Nf6 3. c4 c6 4. Qc2 dxc4 5. Qxc4 Bf5 6. g3 e6 7. Bg2 Nbd7 8.
O-O Be7 9. Nbd2 O-O 10. Qb3 Qb6 11. Nc4 Qxb3 12. axb3 Nd5 13. Bd2 c5 14. Na5 b6
15. Nc6 Bf6 16. Nfe5 Bxe5 17. dxe5 Bc2 18. b4 Rfe8 19. bxc5 bxc5 20. Rfc1 Bb3
21. f4 c4 22. Nxa7 Nc5 23. Nb5 Rxa1 24. Rxa1 Rb8 25. Nd6 Nb6 26. Be3 Nba4 27.
Bd4 Na6 28. Bc6 Nb4 29. Be4 Rd8 30. h3 g6 31. g4 Nc2 32. Bxc2 Bxc2 33. e3 Bb3
34. Nxc4 Bxc4 35. Rxa4 Rc8 36. b4 Bb5 37. Ra5 Bc6 38. b5 Ra8 39. Rxa8+ Bxa8 40.
Bc5 f5 41. exf6 1-0

[Event "18th HZ Open 2014"]
[Site "Vlissingen NED"]
[Date "2014.08.04"]
[Round "4.30"]
[White "Kevlishvili, Robby"]
[Black "Tikranian, Alik"]
[Result "1-0"]
[WhiteElo "2277"]
[BlackElo "2008"]
[PlyCount "95"]
[EventDate "2014.08.02"]
[EventType "swiss"]
[EventRounds "9"]
[EventCountry "NED"]
[Source "Mark Crowther"]
[SourceDate "2014.08.11"]

1. e4 e5 2. Nf3 Nf6 3. Nxe5 d6 4. Nf3 Nxe4 5. Nc3 Nxc3 6. dxc3 Be7 7. Be3 Nc6
8. Qd2 Bg4 9. Nd4 O-O 10. h3 Bh5 11. Nxc6 bxc6 12. g4 Bg6 13. O-O-O Qd7 14. Be2
Qe6 15. Kb1 Rfb8 16. Rhe1 d5 17. Ka1 Bd6 18. h4 f6 19. Bd4 Qe4 20. Bd3 Qxg4 21.
Rg1 Qxh4 22. Bxg6 hxg6 23. Rxg6 Kf7 24. Rdg1 Rg8 25. Qd3 Rae8 26. Qf5 Re6 27.
a3 c5 28. Be3 Re5 29. Qd7+ Re7 30. Qc6 Qe4 31. Bh6 Ke6 32. Bxg7 Rf7 33. R6g3
Kf5 34. f3 Qc4 35. Rg4 Rfxg7 36. Rxg7 Rxg7 37. Rxg7 Qf1+ 38. Ka2 Qc4+ 39. b3
Qxc3 40. Qxd5+ Be5 41. Qe4+ Ke6 42. Qc4+ Qxc4 43. bxc4 Kf5 44. Rg4 Bf4 45. Kb3
Ke5 46. Kc3 f5 47. Rg7 Ke6 48. Rg6+ 1-0

[Event "18th HZ Open 2014"]
[Site "Vlissingen NED"]
[Date "2014.08.04"]
[Round "4.31"]
[White "Dardha, A."]
[Black "Voege, Tobias"]
[Result "1/2-1/2"]
[WhiteElo "2272"]
[BlackElo "1990"]
[PlyCount "70"]
[EventDate "2014.08.02"]
[EventType "swiss"]
[EventRounds "9"]
[EventCountry "NED"]
[Source "Mark Crowther"]
[SourceDate "2014.08.11"]

1. e4 c5 2. b3 Nc6 3. Bb2 e6 4. Nf3 d5 5. exd5 exd5 6. d4 Bg4 7. Be2 Nf6 8. O-O
Be7 9. dxc5 O-O 10. Nd4 Bxe2 11. Qxe2 Bxc5 12. Nxc6 bxc6 13. Nd2 Re8 14. Qf3
Ne4 15. Rad1 Qg5 16. Nxe4 dxe4 17. Qe2 e3 18. f3 Rad8 19. Rd3 Rxd3 20. cxd3 h6
21. Rc1 Qd5 22. g3 Rd8 23. Rd1 Bd4 24. Bxd4 Qxd4 25. Kg2 a5 26. Qc2 c5 27. Kf1
Rd5 28. Qe2 a4 29. Rc1 axb3 30. axb3 Qxd3 31. Qxd3 Rxd3 32. Rxc5 Rxb3 33. Rc2
g6 34. Ke2 Kg7 35. f4 Ra3 1/2-1/2

[Event "18th HZ Open 2014"]
[Site "Vlissingen NED"]
[Date "2014.08.04"]
[Round "4.32"]
[White "Karssen, H."]
[Black "Linster, P."]
[Result "0-1"]
[WhiteElo "2054"]
[BlackElo "2269"]
[PlyCount "64"]
[EventDate "2014.08.02"]
[EventType "swiss"]
[EventRounds "9"]
[EventCountry "NED"]
[Source "Mark Crowther"]
[SourceDate "2014.08.11"]

1. d4 Nf6 2. Bg5 d5 3. e3 c5 4. Bxf6 gxf6 5. c3 Nc6 6. Bb5 Qb6 7. Na3 e6 8. Ne2
cxd4 9. cxd4 Bxa3 10. Bxc6+ bxc6 11. bxa3 Qa5+ 12. Qd2 Qxa3 13. O-O Ba6 14.
Rfc1 Qd3 15. Qxd3 Bxd3 16. Nf4 Bc4 17. Rab1 O-O-O 18. Nh5 f5 19. Rb4 Kc7 20.
Rcb1 Rb8 21. Rxb8 Rxb8 22. Rxb8 Kxb8 23. a3 f4 24. exf4 Kc7 25. Nf6 Bd3 26. f3
Kb6 27. Nd7+ Kb5 28. Ne5 Bc2 29. Nxf7 Kc4 30. Nd8 Kxd4 31. Nxe6+ Ke3 32. g4 d4
0-1

[Event "18th HZ Open 2014"]
[Site "Vlissingen NED"]
[Date "2014.08.04"]
[Round "4.33"]
[White "Hoogland, M."]
[Black "Schippers, Maurice"]
[Result "1/2-1/2"]
[WhiteElo "2020"]
[BlackElo "2267"]
[PlyCount "106"]
[EventDate "2014.08.02"]
[EventType "swiss"]
[EventRounds "9"]
[EventCountry "NED"]
[Source "Mark Crowther"]
[SourceDate "2014.08.11"]

1. d4 Nf6 2. c4 e5 3. dxe5 Ng4 4. Bf4 Nc6 5. Nf3 Bb4+ 6. Nc3 Qe7 7. Rc1 Ngxe5
8. Nxe5 Nxe5 9. e3 O-O 10. Be2 d6 11. O-O Bxc3 12. Rxc3 a5 13. c5 dxc5 14. Qd5
Ng6 15. Bg3 c6 16. Qxc5 Qxc5 17. Rxc5 Be6 18. a4 Rfd8 19. Rd1 Bb3 20. Rxd8+
Rxd8 21. Rxa5 f6 22. h3 Rd2 23. Bg4 Rxb2 24. Ra8+ Kf7 25. Rc8 f5 26. Bxf5 Bxa4
27. Rc7+ Kf6 28. Bc8 b6 29. f4 Rb3 30. Bf2 Rb1+ 31. Kh2 Rb2 32. g4 Nxf4 33.
exf4 Rxf2+ 34. Kg3 Rf1 35. g5+ Kg6 36. Bg4 h5 37. Be2 h4+ 38. Kg4 Rg1+ 39. Kxh4
Kf5 40. Rf7+ Ke4 41. Rxg7 Kxf4 42. Rf7+ Ke5 43. Kh5 c5 44. Kh6 Bc2 45. Bg4 b5
46. Rf2 Bd3 47. g6 Bxg6 48. Kxg6 b4 49. Rf5+ Kd4 50. Rf4+ Kc3 51. Rf3+ Kb2 52.
Rf2+ Kc3 53. Rf3+ Kb2 1/2-1/2